000 00264nam a22001097a 4500
082 _a910
100 _aSharma,Vivek
_981960
245 _a NTA UGC NET/JRF/SET Paper-2 Geography
260 _aMeerut UP
_bArihant Publication
_c2023
650 _aGeography
942 _cBK
999 _c66201
_d66201